000 01298nam a22002537a 4500
003 DO-SdBNP
005 20240430192716.0
007 ta
008 220624b2017 dr a|||| |||| 00| 0 spa d
020 _a9945408046
040 _aDO-SdBNP
_bspa
_cBNPHU
082 4 _a001.42
_bU75co
_222
100 1 _aUreña, Alejandro
_946272
245 1 0 _aCómo hacer una tesis /
_cAlejandro Ureña.
260 _aSanto Domingo :
_bLetragráfica,
_c2017.
300 _a95 p. :
_bil. ;
_c23 cm.
504 _aBibliografía : p. 95
505 2 _a¿Que es una tesis? -- Definición de lo que es una tesis -- ¿Como se hace una tesis? -- Propuesta o anteproyecto de tesis -- Contenido de la propuesta -- Método y técnica de investigación -- Metodología a utilizar -- Recopilación de datos -- Manejo de datos -- El internet y la tesis -- Redacción de la tesis -- Importancia de una buena redacción -- Estilos de redacción -- Normas para la presentación de la tesis Presentación final -- Diagramación de la tesis -- Examen final de tesis -- Preparativos finales - Bibliografía.
590 _aInventariado, 2022/BT
650 0 _aTesis y disertaciones académicas
_919630
650 4 _aInvestigacion cientifica
_xMetodologia
_910
910 _aBtavárez/Validado. Control de calidad MFF
942 _2ddc
_cLBS1
999 _c52108
_d52108